| 000 | 01074nam a22003017a 4500 | ||
|---|---|---|---|
| 005 | 20240530110353.0 | ||
| 008 | 141229s2010 ua f b 000 0dara d | ||
| 017 |
_a2010/2814 _bمصر . دار الكتب المصرية |
||
| 020 | _a9772327716 | ||
| 040 | _aEG-CaGPL | ||
| 041 | 0 | _aara | |
| 082 | 0 | 4 |
_221 _a792.0226\ _bع د |
| 100 | 0 | _aعبدالفتاح نجله | |
| 245 | 1 | 2 |
_aالدراما علاج نفسى فعال للاطفال / _cعبدالفتاح نجله ؛ تقديم امنية مختار |
| 250 | _aط1 | ||
| 260 |
_aالقاهرة : _bعالم الكتب ، _c2010 |
||
| 300 |
_a264 ص ؛ _c24 سم |
||
| 504 | _aببليوجرافية : ص 246 - 263 | ||
| 650 | 0 | 4 | _aمسرح الاطفال |
| 650 | 0 | 4 | _aالمسرح المدرسى |
| 650 | 0 | 4 | _aالمسرح التعليمى |
| 650 | 0 | 4 |
_aمسرح الاطفال _xتاريخ |
| 650 | 0 | 4 | _aعلم النفس التربوى |
| 650 | 0 | 4 |
_aالاطفال _xعلم نفس |
| 700 | 0 |
_aامينة مختار _eمقدم |
|
| 942 |
_2ddc _cBK |
||
| 999 |
_c60122 _d60122 |
||